000 00604nam a2200193Ia 4500
003 GCL
008 140319s9999 xx 000 0 ara d
040 _aGCL /
_cGCL
082 0 4 _a350.711
_bس ع
100 1 _aسمير صادق
245 1 0 _aالعقد الادراى فى مبادى الادارية العليا /
_cسمير صادق
260 _a[S.N] :
_bالهيئة المصرية العامة للكتاب ،
_c1991
300 _a290 ص
490 _a
650 0 4 _aالقانون
650 0 4 _aالقانون الادارى
650 0 4 _aالعقود الادارية
942 _2ddc
_cBK
999 _c28463
_d28463